00334nam a2200145Ia 4500008004100000020001800041041000800059082001500067100001200082245003300094260002500127300000800152365001600160700001200176230718s9999 xx 000 0 und d a9788190845250 aeng a658.4bSET aSeth M. aChangebA Case Study Special c2010bBusiness World a264 cRs.b295.00 aSeth M.